Photonic signal processing techniques and applications / (Record no. 592378)

000 -LEADER
fixed length control field 00609nam a2200121 4500
082 ## - DEWEY DECIMAL CLASSIFICATION NUMBER
Classification number 621.36,BEN
100 ## - MAIN ENTRY--PERSONAL NAME
Personal name Le Nguyen Binh
9 (RLIN) 102973
245 ## - TITLE STATEMENT
Title Photonic signal processing techniques and applications /
260 ## - PUBLICATION, DISTRIBUTION, ETC.
Place of publication, distribution, etc. CRC Press
Name of publisher, distributor, etc. CRC Press
Date of publication, distribution, etc. 2008
300 ## - PHYSICAL DESCRIPTION
Extent xix : 353 p.
505 ## - FORMATTED CONTENTS NOTE
Formatted contents note Principles Photonic Devices for Processing (Page-1), Incoherence and Coherence in Photonic Signal Processing (Page-71), Photonic Computing Procssors (Page-89), Ultra Pulse Photonic Generations (Page-159), Dispersion Compensation Using Photonic Filters (Page-235), Tunable Optical Filters (Page-325).
942 ## - ADDED ENTRY ELEMENTS (KOHA)
Source of classification or shelving scheme
Koha item type Book
Holdings
Withdrawn status Lost status Source of classification or shelving scheme Damaged status Not for loan Permanent Location Current Location Shelving location Date acquired Total Checkouts Full call number Barcode Date last seen Price effective from Koha item type Public note
          Military College of Signals (MCS) Military College of Signals (MCS) General Stacks 11/17/2022   621.36,BEN MCS34474 11/17/2022 11/17/2022 Book Almirah No.30, Shelf No.2
© 2023 Central Library, National University of Sciences and Technology. All Rights Reserved.